000 00637cam a22002291 4500
001 sa 68018937
003 DLC
005 20260227112715.0
008 890725s1965 ce a b 000 0 sino
010 _asa 68018937
035 _a(OCoLC)20067023
040 _aDLC
_cWaU
_dDLC
042 _apremarc
050 0 0 _aCC75
_b.V38
100 1 _aVattala, Hettiarachchige Albert Francis Don Sarath,
_d1923-
245 1 0 _aPurāvidyāva hădârīma.
260 _c[1965]
300 _aii, ii, 252, ii p.
_billus.
_c22 cm.
500 _aIn Sinhalese.
504 _aIncludes bibliographical references.
650 0 _aExcavations (Archaeology)
999 _c88728
_d88728